00456nam a2200145 a 4500008004100000020002200041100001700063245010000080260004300180300004000223500002000263003000100283005001700284040000900301  a8170081211 (pbk.)1 aRajput. R.K.10aBasic electrical and electronics engineering :bfor all branches of engineering /cR.K. Rajput. aBangalore :bLaxmi Publication,c2005. axxvii, 715[44] p. :bill. ;c24 cm. aIncludes index.20230123134302.0 cNUST